000 00561nam a2200193Ia 4500
005 20250507130235.0
008 008 250505s9999 xx 000 0 eng d
037 _aSeries Article
040 _aEASL
_beng
_cEASL
041 _aeng
_2eng
084 _qEASL
100 _aSasaki Tomonori
_9669026
245 0 _aChina eyes the japanese military:china's threat perception of japan since the 1980s
260 _aUK
_bUK Cambridge Univesity Press UK
_c2010
300 _a560-580
650 _aChina
942 _cSRA
999 _c1318503
_d1318503